00548nam 2200193 45000010005000000100018000051000041000231010008000642000071000722100023001432150033001662250011001993000037002106060016002476070011002637000029002747010031003038010020003345731 a2-234-00012-2 a20190729k u||y0frey50 ba afre aLa politique de la foliebBrochurefBernard Cuau et Denise Zigante aPariscStockd1973 a217 p.ctabl., diagr.d21 cm aLutter aEn appendice, choix de documents aPsychiatrie aFrance aCuaubBernardf1935-1995 aZigantebDenisef1935-2004 aCHbCH-002049-8